Náš export ohrožuje i nedostatočná bezpečnost práce. Bez evropské legislativy to nepůjde.

Rozhovor s riaditeľom Českého úradu bezpečnosti práce. Problematika realizácie novej koncepcie dozoru v oblasti bezpečnosti práce. Nezastupiteľnosť úlohy úrazovej poisťovne. Ideové rozpory medzi zákonmi ČR a krajinami Európskeho spoločenstva. Otázka platnosti štátnych noriem bývalej ČSFR. Mechanizmy...

Descrizione completa

Salvato in:
Dettagli Bibliografici
Natura: Capitolo di libro
Lingua:ceco
Soggetti:
Tags: Aggiungi Tag
Nessun Tag, puoi essere il primo ad aggiungerne!!

MARC

LEADER 00000naa a2200000 4500
001 r013264
005 20221213090115.9
041 0 |a cze 
044 |a SK 
245 1 0 |a Náš export ohrožuje i nedostatočná bezpečnost práce.  |b Bez evropské legislativy to nepůjde. 
520 |a Rozhovor s riaditeľom Českého úradu bezpečnosti práce. Problematika realizácie novej koncepcie dozoru v oblasti bezpečnosti práce. Nezastupiteľnosť úlohy úrazovej poisťovne. Ideové rozpory medzi zákonmi ČR a krajinami Európskeho spoločenstva. Otázka platnosti štátnych noriem bývalej ČSFR. Mechanizmy riadeného štátneho dozoru a mechanizmy trhovej autoregulácie. 
610 2 0 |a bezpečnosť práce 
610 2 0 |a Čechy 
610 2 0 |a poisťovne 
610 2 0 |a úrazy pracovné 
610 2 0 |a Európske spoločenstvá 
610 2 0 |a predpisy právne 
610 2 0 |a ČSFR 
610 2 0 |a dozor štátny